LEADER 00574oam 2200169z- 450 001 9910172234203321 035 $a(CKB)2550000000092501 035 $a(EXLCZ)992550000000092501 100 $a20180122cuuuuuuuu -u- - 101 0 $afre 200 00$aApprenticeship in the Informal Economy in Africa: Workshop Report 210 $cInternational Labour Organization 517 $aApprenticeship in the Informal Economy in Africa 906 $aJOURNAL 912 $a9910172234203321 996 $aApprenticeship in the Informal Economy in Africa: Workshop Report$92110259 997 $aUNINA